[Event "FRA-ch op-A"]
[Site "Saint Quentin"]
[Date "2015.??.??"]
[Round "9"]
[White "Meunier, Clement"]
[Black "Ek, Alexandre"]
[Result "1/2-1/2"]
[WhiteElo "2003"]
[BlackElo "2115"]
[PlyCount "134"]
[EventDate "2015.08.09"]
[EventType "swiss"]
[EventRounds "11"]
[EventCountry "FRA"]
[SourceTitle "EXT 2016"]
[Source "ChessBase"]
[SourceDate "2015.10.08"]
[SourceVersion "1"]
[SourceVersionDate "2015.10.08"]
[SourceQuality "1"]

1. e4 c5 2. Nf3 Nc6 3. Bb5 g6 4. 0-0 Bg7 5. Bxc6 dxc6 6. h3 e5 7. d3 Qe7 8. Nc3 Nf6 9. Be3 0-0 10. Qc1 Re8 11. Bh6 Bh8 12. Ne2 Nh5 13. Qe3 f6 14. Nh2 Bg7 15. Rae1 g5 16. Bxg7 Kxg7 17. Ng3 Nxg3 18. Qxg3 h6 19. Ng4 Bxg4 20. Qxg4 Qe6 21. Qxe6 Rxe6 22. g3 Rd8 23. Re2 Rd4 24. f4 exf4 25. gxf4 c4 26. Re3 cxd3 27. cxd3 gxf4 28. Rxf4 Red6 29. Rff3 c5 30. b3 Ra6 31. Re2 Rad6 32. Rd2 b6 33. Kf1 Kf7 34. Ke2 Re6 35. Rd1 Rd5 36. Rg1 Rg5 37. Rfg3 Rxg3 38. Rxg3 Re5 39. h4 f5 40. Kf3 fxe4+ 41. dxe4 Rh5 42. Kg4 Re5 43. Kf4 Rh5 44. Rg4 Kf6 45. Ke3 Re5 46. a4 Rh5 47. Kd3 Re5 48. Kc4 a6 49. Rf4+ Ke6 50. Kd3 Rh5 51. Rg4 Kf7 52. Ke3 Kf6 53. Kf4 b5 54. Ke3 bxa4 55. bxa4 c4 56. Kd4 Ra5 57. Kxc4 Rxa4+ 58. Kd5 Ke7 59. Rg7+ Kf6 60. Rh7 Ra5+ 61. Kd6 Rh5 62. Re7 Rxh4 63. e5+ Kg6 64. Ra7 Ra4 65. Ke7 h5 66. e6 h4 67. Kf8 Rf4+ 1/2-1/2

[Event "FRA-ch op-A"]
[Site "Nancy"]
[Date "2013.08.22"]
[Round "10"]
[White "Meunier, Clement"]
[Black "Kassis, Antoine"]
[Result "1/2-1/2"]
[WhiteElo "2025"]
[BlackElo "2108"]
[PlyCount "81"]
[EventDate "2013.08.11"]
[EventType "swiss"]
[EventRounds "11"]
[EventCountry "FRA"]
[SourceTitle "CBM 156 Extra"]
[Source "ChessBase"]
[SourceDate "2013.10.22"]
[SourceVersion "1"]
[SourceVersionDate "2013.10.22"]
[SourceQuality "1"]

1. d4 Nf6 2. c4 Nc6 3. Nf3 e6 4. a3 d6 5. Nc3 g6 6. e4 Bg7 7. Be2 0-0 8. 0-0 Re8 9. Be3 e5 10. dxe5 dxe5 11. Qxd8 Rxd8 12. Bg5 Rf8 13. h3 Nd4 14. Nxd4 exd4 15. Bxf6 Bxf6 16. Nd5 Bd8 17. Rad1 c6 18. Nb4 a5 19. Nd3 Re8 20. e5 Bf5 21. Rfe1 Bc7 22. f4 f6 23. exf6 Bxd3 24. Bxd3 Kf7 25. g3 Kxf6 26. Kf2 Bb6 27. Kf3 Rad8 28. h4 Bc5 29. g4 Re3+ 30. Rxe3 dxe3 31. g5+ Kg7 32. Be2 Rd2 33. b4 axb4 34. axb4 Rxd1 35. Bxd1 Bxb4 36. Kxe3 Bc5+ 37. Ke4 b5 38. cxb5 cxb5 39. h5 h6 40. gxh6+ Kxh6 41. hxg6 1/2-1/2

[Event "FRA-ch op-A"]
[Site "Pau"]
[Date "2012.08.16"]
[Round "3"]
[White "Devallee, Jeremie"]
[Black "Meunier, Clement"]
[Result "1/2-1/2"]
[WhiteElo "2106"]
[BlackElo "1989"]
[PlyCount "138"]
[EventDate "2012.08.14"]
[EventType "swiss"]
[EventRounds "11"]
[EventCountry "FRA"]
[SourceTitle "CBM 150 Extra"]
[Source "ChessBase"]
[SourceDate "2012.10.19"]
[SourceVersion "1"]
[SourceVersionDate "2012.10.19"]
[SourceQuality "1"]

1. e4 e5 2. Nf3 Nc6 3. Bc4 Bc5 4. c3 Nf6 5. d3 a6 6. Bb3 Ba7 7. Bg5 d6 8. h3 Qe7 9. Nbd2 h6 10. Bh4 g5 11. Bg3 Nh5 12. Nf1 Be6 13. Bd5 Bxd5 14. exd5 e4 15. dxe4 Qxe4+ 16. Qe2 Qxe2+ 17. Kxe2 Ne7 18. c4 0-0-0 19. Bh2 Ng6 20. g3 Rhe8+ 21. Ne3 f5 22. Kd2 Bxe3+ 23. fxe3 Ne5 24. Nxe5 dxe5 25. e4 f4 26. gxf4 gxf4 27. Ke2 Rg8 28. Rhg1 Ng3+ 29. Bxg3 fxg3 30. Raf1 Rg5 31. Rf6 h5 32. Rf5 Rxf5 33. exf5 Rf8 34. Ke3 Rxf5 35. Rxg3 Rf4 36. b3 Kd7 37. c5 Rd4 38. Rg7+ Kd8 39. c6 b6 40. Rd7+ Kc8 41. Rh7 Kd8 42. Rxh5 Rxd5 43. Ke4 Rc5 44. Rh6 Rc2 45. Kxe5 Rxa2 46. Rh8+ Ke7 47. Rh7+ Kd8 48. Rd7+ Kc8 49. Rd3 Rc2 50. h4 Rxc6 51. Rh3 Rh6 52. h5 a5 53. Kf5 Kb7 54. Kg5 Rh8 55. h6 b5 56. Kg6 c5 57. Kg7 Ra8 58. h7 Kc6 59. h8Q Rxh8 60. Rxh8 c4 61. bxc4 bxc4 62. Kf6 Kd5 63. Kf5 Kd4 64. Kf4 a4 65. Rd8+ Kc3 66. Ra8 Kd2 67. Rd8+ Kc3 68. Ra8 Kd2 69. Rd8+ Kc3 1/2-1/2

[Event "FRA-chT U20"]
[Site "France"]
[Date "2012.05.27"]
[Round "?"]
[White "O'Sullivan, Nicolas"]
[Black "Meunier, Clement"]
[Result "0-1"]
[WhiteElo "1694"]
[BlackElo "1965"]
[PlyCount "48"]
[EventDate "2012.05.26"]
[EventType "team-swiss"]
[EventRounds "9"]
[EventCountry "FRA"]
[SourceTitle "EXT 2014"]
[Source "ChessBase"]
[SourceDate "2013.11.20"]
[SourceVersion "1"]
[SourceVersionDate "2013.11.20"]
[SourceQuality "1"]

1. d4 d5 2. c4 e6 3. Nc3 c6 4. e3 f5 5. Nf3 Nf6 6. cxd5 exd5 7. Bd3 Bd6 8. Qc2 Ne4 9. a3 a5 10. Rb1 0-0 11. b4 Qe7 12. Qb3 Kh8 13. b5 Nd7 14. 0-0 g5 15. bxc6 bxc6 16. Nxd5 cxd5 17. Qxd5 Ba6 18. Bxa6 Rxa6 19. Qb7 Raa8 20. Bb2 g4 21. d5+ Kg8 22. Nd4 Rab8 23. Qa6 Rb6 24. Qxa5 Bxh2+ 0-1

[Event "FRA-chT U20 0809"]
[Site "Sautron"]
[Date "2009.01.03"]
[Round "5.7"]
[White "Meunier, Clement"]
[Black "Chevalier, Ezio"]
[Result "1-0"]
[WhiteElo "1770"]
[BlackElo "1410"]
[PlyCount "65"]
[EventDate "2008.10.??"]
[EventType "team-tourn"]
[EventRounds "11"]
[EventCountry "FRA"]
[SourceTitle "EXT 2010"]
[Source "ChessBase"]
[SourceDate "2010.11.25"]
[SourceVersion "1"]
[SourceVersionDate "2010.11.25"]
[SourceQuality "1"]

1. d4 d5 2. Bf4 c5 3. e3 Qb6 4. Qc1 cxd4 5. exd4 Qxd4 6. Be3 Qb4+ 7. c3 Qd6 8. Nf3 Nc6 9. Bd3 Nf6 10. 0-0 Bg4 11. Nd4 e5 12. Nxc6 bxc6 13. f3 Be6 14. Qc2 Be7 15. Nd2 h6 16. Rfe1 0-0 17. Bf2 Bd8 18. Bg3 Nd7 19. Rad1 Bb6+ 20. Kh1 f5 21. Re2 a6 22. Nb3 c5 23. c4 g5 24. cxd5 Bxd5 25. Bc4 f4 26. Rxd5 Qxd5 27. Bxd5+ Kh8 28. Bxa8 fxg3 29. Qd3 gxh2 30. Kxh2 Rd8 31. Qd6 Ba7 32. Qxh6+ Kg8 33. Bd5# 1-0